| 000 | 00573nam a22001937a 4500 | ||
|---|---|---|---|
| 003 | OSt | ||
| 008 | 231009b |||||||| |||| 00| 0 eng d | ||
| 020 | _a9789387034471 | ||
| 082 | _a170 GAF | ||
| 100 | _aGAUR, R.R. | ||
| 245 | _aFoundation Course in Human Values and Professional Ethics: Presenting a Universal Approach to Value Education-through Self-exploration | ||
| 250 | _a2nd Revised ed. | ||
| 260 |
_aNew Delhi _bExcel Books _c2019 |
||
| 300 | _a348 p. | ||
| 650 | _aPolitical Science | ||
| 700 | _aASTHANA, R. | ||
| 700 | _aBAGARIA, G.P. | ||
| 942 |
_2ddc _cBK |
||
| 999 |
_c12083 _d12083 |
||